| 000 | 01013nam a2200289 i 4500 | ||
|---|---|---|---|
| 001 | 12982 | ||
| 003 | ES-MaACL | ||
| 005 | 20250920063028.0 | ||
| 007 | t| | ||
| 008 | 960708s1995 sp ||||0| spa j | ||
| 020 | _a84-7914-211-1 | ||
| 040 |
_aM-BN _bspa _cM-BN |
||
| 080 | _a111.6 | ||
| 080 | _a128 | ||
| 100 | 1 |
_aBlondel, Maurice, _d1861-1949 _929548 |
|
| 245 | 1 | 3 |
_aLa acción (1893) _b: ensayo de una crítica de la vida y de una ciencia de la práctica / _cMaureice Blondel ; introducción, versión y notas de Juan Maria Isasi y César Izquierdo. |
| 260 |
_aMadrid : _bBiblioteca de Autores Cristianos, _c1995. |
||
| 300 |
_a546 p. ; _c20 cm. |
||
| 490 | 1 |
_aBiblioteca de autores cristianos ; _v557 |
|
| 650 | 1 | 4 |
_aActo (Filosofía) _99591 |
| 650 | 7 |
_aVida _2embne _917793 |
|
| 700 | 1 |
_aIsasi, Juan María. _965540 |
|
| 700 | 1 |
_aIzquierdo, César. _965701 |
|
| 830 | 0 | 0 |
_aBiblioteca de autores cristianos _v557 _9178679 |
| 852 |
_aES-MaACL _jJ-544 _bR.46092 |
||
| 999 |
_c12982 _d12982 |
||